[Event "Wellington CC Summer Cup"]
[Site "Wellington"]
[Date "2014.01.30"]
[Round "1"]
[White "Stracy, Don M"]
[Black "Sampathkumar, Shyamkumar"]
[Result "1-0"]
[WhiteElo "1870"]
[BlackElo "1228"]
[PlyCount "49"]
[EventDate "2014.01.30"]
[EventType "swiss"]
[EventRounds "8"]
[EventCountry "NZL"]
[SourceTitle "EXT 2018"]
[Source "ChessBase"]
[SourceDate "2017.10.13"]
[SourceVersion "1"]
[SourceVersionDate "2017.10.13"]
[SourceQuality "1"]

1. e4 e5 2. Nf3 Nc6 3. Bb5 Nce7 4. 0-0 c6 5. Bc4 Nf6 6. Nxe5 d5 7. exd5 Nexd5 8. d4 Bd6 9. Re1 0-0 10. Nd2 Nf4 11. Ndf3 Ng6 12. Bg5 Be6 13. Bxe6 fxe6 14. Nxg6 hxg6 15. Rxe6 Be7 16. c3 Nd5 17. Bxe7 Nxe7 18. Qd2 Nd5 19. Rxg6 Nf4 20. Rg3 Qc7 21. Re1 Rae8 22. Rxe8 Rxe8 23. Ne5 Nh5 24. Rf3 Rd8 25. Qg5 1-0

[Event "Wellington CC Summer Cup"]
[Site "Wellington"]
[Date "2013.02.07"]
[Round "1"]
[White "Sampathkumar, Shyamkumar"]
[Black "Pandey, Alok"]
[Result "0-1"]
[WhiteElo "1137"]
[BlackElo "1833"]
[PlyCount "33"]
[EventDate "2013.02.07"]
[EventType "swiss"]
[EventRounds "8"]
[EventCountry "NZL"]
[SourceTitle "EXT 2018"]
[Source "ChessBase"]
[SourceDate "2017.10.13"]
[SourceVersion "1"]
[SourceVersionDate "2017.10.13"]
[SourceQuality "1"]

1. e4 c5 2. Nf3 g6 3. d4 cxd4 4. Nxd4 Bg7 5. Nc3 Nc6 6. Be3 Nf6 7. Nxc6 bxc6 8. Bc4 0-0 9. e5 Ne8 10. Bd4 c5 11. Qf3 cxd4 12. Nb5 Rb8 13. 0-0-0 d5 14. Rxd4 Qa5 15. Qxd5 Be6 16. Qc5 Bxc4 17. Qxc4 0-1